| 000 | 00984cam a22002775a 4500 | ||
|---|---|---|---|
| 001 | 12937420 | ||
| 005 | 20170328120604.0 | ||
| 008 | 020919s2003 enk b f001 0 eng | ||
| 020 | _a0192802194 | ||
| 020 | _a9780192802194 | ||
| 040 |
_aDLC _cDLC _dDLC _dEG-ScBUE _beng |
||
| 082 | 0 | 4 |
_222 _a323.044 _bHUM |
| 245 | 0 | 0 |
_aHuman rights, human wrongs : _bthe Oxford Amnesty lectures, 2001 / _cedited by Nicholas Owen. |
| 260 |
_aOxford ; _aNew York : _bOxford University Press, _c2003. |
||
| 300 |
_ax, 358 p. ; _c20 cm. |
||
| 500 | _aIndex : p. 349-358. | ||
| 504 | _aBibliography : p. [304]-348. | ||
| 650 | 7 |
_aHuman rights. _2BUEsh _911033 |
|
| 650 | 0 |
_aHuman rights advocacy. _2BUEsh _932376 |
|
| 651 | _2BUEsh | ||
| 653 |
_bBUSBOL _cMarch2017 |
||
| 700 | 1 |
_aOwen, Nicholas _q(Nicholas J.) _eeditor. |
|
| 906 |
_a7 _bcbc _corignew _d1 _eocip _f20 _gy-gencatlg |
||
| 942 | _2ddc | ||
| 999 |
_c24550 _d24522 |
||